[Event "Les Herbiers op-A"]
[Site "Les Herbiers"]
[Date "2020.01.05"]
[Round "5.6"]
[White "Cristescu, Florin"]
[Black "Barbot, Dominique"]
[Result "1-0"]
[WhiteElo "1918"]
[BlackElo "1783"]
[PlyCount "101"]
[EventDate "2020.01.??"]
[EventType "swiss (rapid)"]
[EventRounds "5"]
[EventCountry "FRA"]
[SourceTitle "EXT 2021"]
[Source "ChessBase"]
[SourceDate "2020.10.23"]
[SourceVersion "1"]
[SourceVersionDate "2020.10.23"]
[SourceQuality "1"]

1. g4 c5 2. Bg2 Nc6 3. c4 d6 4. g5 e5 5. d3 Be7 6. h4 h6 7. Nf3 hxg5 8. Nxg5 Nf6 9. Nc3 Bd7 10. Nd5 Nh7 11. Nxh7 Rxh7 12. h5 Rb8 13. h6 gxh6 14. Nxe7 Nxe7 15. Rxh6 Rxh6 16. Bxh6 Bc6 17. Bxc6+ Nxc6 18. Qd2 Qh4 19. 0-0-0 Qxf2 20. Be3 Qf5 21. Rg1 Kd7 22. a3 Rh8 23. b4 b6 24. b5 Na5 25. Qd1 Rh2 26. Bd2 Nb7 27. Rh1 Qh3 28. Rxh2 Qxh2 29. Qf1 Qh5 30. Qg2 Nd8 31. a4 e4 32. Qxe4 Qe5 33. Qxe5 dxe5 34. a5 Ne6 35. a6 f5 36. Bh6 Ke7 37. Bd2 f4 38. Bc3 Kf6 39. Kd2 Kf5 40. Ke1 Nc7 41. Kf2 Ne6 42. Kf3 Ng5+ 43. Kg2 Ne6 44. Kh3 Ng5+ 45. Kh4 f3 46. exf3 Nxf3+ 47. Kg3 Ng5 48. Ba5 e4 49. Bxb6 exd3 50. Kf2 Ke4 51. Bxc5 1-0

[Event "Les Herbiers op-A"]
[Site "Les Herbiers"]
[Date "2020.01.04"]
[Round "2.1"]
[White "Cristescu, Florin"]
[Black "Jaulin, Philippe"]
[Result "0-1"]
[WhiteElo "1918"]
[BlackElo "2084"]
[PlyCount "43"]
[EventDate "2020.01.??"]
[EventType "swiss (rapid)"]
[EventRounds "5"]
[EventCountry "FRA"]
[SourceTitle "EXT 2021"]
[Source "ChessBase"]
[SourceDate "2020.10.23"]
[SourceVersion "1"]
[SourceVersionDate "2020.10.23"]
[SourceQuality "1"]

1. d4 Nf6 2. c4 g6 3. Nc3 d5 4. Nf3 Bg7 5. Bf4 c5 6. e3 cxd4 7. Nxd4 0-0 8. Bxb8 Rxb8 9. Be2 dxc4 10. Bxc4 Qb6 11. Qb3 Qc5 12. a4 Bd7 13. Rc1 Rbc8 14. Ncb5 Qg5 15. 0-0 Bh3 16. g3 a6 17. f4 Qh6 18. Bxf7+ Rxf7 19. Rxc8+ Bxc8 20. Rc1 Bd7 21. Nc7 Ng4 22. Nf3 0-1

[Event "FRA-chT3 0405"]
[Site "France"]
[Date "2005.04.02"]
[Round "8"]
[White "Cristescu, Florin"]
[Black "Forthofer, Robert"]
[Result "0-1"]
[WhiteElo "2050"]
[BlackElo "2186"]
[PlyCount "124"]
[EventDate "2004.10.10"]
[EventType "team"]
[EventRounds "9"]
[EventCountry "FRA"]
[SourceTitle "EXT 2007"]
[Source "ChessBase"]
[SourceDate "2006.11.23"]
[SourceVersion "1"]
[SourceVersionDate "2006.11.23"]
[SourceQuality "1"]

1. d4 d5 2. c4 Nc6 3. Nf3 Bg4 4. cxd5 Bxf3 5. dxc6 Bxc6 6. Nc3 e6 7. e4 Bb4 8. e5 Qh4 9. Be3 Ne7 10. g3 Qe4 11. Rg1 Nd5 12. Qd2 Nxe3 13. fxe3 Qg6 14. Bd3 Qh5 15. g4 Qh4+ 16. Qf2 Be7 17. Be4 Bxe4 18. Nxe4 Qxf2+ 19. Kxf2 Kd7 20. g5 Raf8 21. Rg2 b6 22. Ke2 g6 23. Rf1 h6 24. Nf6+ Bxf6 25. gxf6 Rc8 26. b4 c5 27. bxc5 bxc5 28. Kd3 cxd4 29. exd4 Rb8 30. Rc1 Rhc8 31. Rxc8 Kxc8 32. d5 exd5 33. e6 fxe6 34. Rxg6 Kd7 35. Rg7+ Kd6 36. Rxa7 Rb2 37. Ke3 Rb1 38. Rh7 Ra1 39. Rxh6 Rxa2 40. f7 Ra8 41. h4 Rf8 42. Rh7 Ke7 43. h5 Rxf7 44. Rh8 Kd6 45. h6 Ke5 46. h7 Ra7 47. Kd3 Ra3+ 48. Kd2 Rh3 49. Ke2 d4 50. Kd2 Ke4 51. Re8 Rh2+ 52. Ke1 Rxh7 53. Rxe6+ Kd3 54. Rc6 Rh1+ 55. Kf2 Kd2 56. Ra6 Rc1 57. Ra4 d3 58. Ra7 Rc8 59. Ra2+ Rc2 60. Ra3 Kd1+ 61. Ke3 d2 62. Kd3 Ke1 0-1

[Event "Nantes op 3rd"]
[Site "Nantes"]
[Date "2004.12.28"]
[Round "3"]
[White "Cristescu, Florin"]
[Black "Brunelliere, Pierre"]
[Result "1-0"]
[WhiteElo "2010"]
[BlackElo "2348"]
[PlyCount "45"]
[EventDate "2004.12.27"]
[EventType "swiss"]
[EventRounds "7"]
[EventCountry "FRA"]
[SourceTitle "EXT 2006"]
[Source "ChessBase"]
[SourceDate "2005.11.24"]
[SourceVersion "1"]
[SourceVersionDate "2005.11.24"]
[SourceQuality "1"]

1. d4 g6 2. c4 Bg7 3. Nc3 c5 4. d5 f5 5. Qc2 Nf6 6. f3 0-0 7. e4 d6 8. exf5 Bxf5 9. Bd3 Bxd3 10. Qxd3 Nbd7 11. f4 Qe8 12. Nge2 a6 13. a4 e5 14. 0-0 Qe7 15. f5 e4 16. Qh3 gxf5 17. Rxf5 Rf7 18. Bg5 Re8 19. Nf4 Nf8 20. Nh5 h6 21. Nxg7 hxg5 22. Nxe8 Nxe8 23. Rxf7 1-0